[Event "New Delhi Parsvnath op 7th"]
[Site "New Delhi"]
[Date "2009.01.13"]
[Round "4"]
[White "Solodovnichenko, Yuri"]
[Black "Sandeep, Chitkara"]
[Result "1-0"]
[WhiteElo "2571"]
[BlackElo "2105"]
[PlyCount "39"]
[EventDate "2009.01.11"]
[EventType "swiss"]
[EventRounds "10"]
[EventCountry "IND"]
[SourceTitle "CBM 128 Extra"]
[Source "ChessBase"]
[SourceDate "2009.03.05"]
[SourceVersion "2"]
[SourceVersionDate "2009.03.25"]
[SourceQuality "1"]

1. e4 e6 2. d4 d5 3. Nc3 dxe4 4. Nxe4 Bd7 5. Nf3 Bc6 6. Bd3 Nd7 7. 0-0 Ngf6 8. Neg5 h6 9. Nxe6 fxe6 10. Bg6+ Ke7 11. Re1 Nb6 12. Qe2 Qd5 13. b3 Bb5 14. c4 Nxc4 15. bxc4 Bxc4 16. Qc2 b5 17. Ne5 Rg8 18. Bf7 Kd8 19. Qg6 Kc8 20. Nxc4 1-0

[Event "New Delhi Parsvnath op 7th"]
[Site "New Delhi"]
[Date "2009.01.11"]
[Round "2"]
[White "Himanshu, Sharma"]
[Black "Sandeep, Chitkara"]
[Result "1-0"]
[WhiteElo "2405"]
[BlackElo "2105"]
[PlyCount "57"]
[EventDate "2009.01.11"]
[EventType "swiss"]
[EventRounds "10"]
[EventCountry "IND"]
[SourceTitle "CBM 128 Extra"]
[Source "ChessBase"]
[SourceDate "2009.03.05"]
[SourceVersion "2"]
[SourceVersionDate "2009.03.25"]
[SourceQuality "1"]

1. e4 e6 2. f4 d5 3. e5 c5 4. Nf3 Nc6 5. c3 Qb6 6. Na3 Bd7 7. Nc2 Nh6 8. d3 Nf5 9. Rb1 Be7 10. Be2 f6 11. 0-0 0-0-0 12. Ne3 d4 13. exf6 Bxf6 14. Nxf5 exf5 15. c4 Rde8 16. Bd2 Re7 17. Ne1 Rhe8 18. Bf3 h6 19. b4 cxb4 20. a3 a5 21. axb4 Nxb4 22. c5 Qc7 23. Nc2 Bc6 24. Bxb4 axb4 25. Nxb4 Bxf3 26. Qxf3 Re3 27. Qd5 Qd7 28. Qa2 Kd8 29. Nd5 1-0

[Event "New Delhi Parsvnath op 6th"]
[Site "New Delhi"]
[Date "2008.01.16"]
[Round "6"]
[White "Sandeep, Chitkara"]
[Black "Kiran, Manisha Mohanty"]
[Result "0-1"]
[WhiteElo "2104"]
[BlackElo "2261"]
[PlyCount "78"]
[EventDate "2008.01.13"]
[EventType "swiss"]
[EventRounds "10"]
[EventCountry "IND"]
[SourceTitle "CBM 122 Extra"]
[Source "ChessBase"]
[SourceDate "2008.03.04"]
[SourceVersion "1"]
[SourceVersionDate "2008.03.04"]
[SourceQuality "1"]

1. e4 c5 2. Nc3 Nc6 3. Nf3 d6 4. d4 cxd4 5. Nxd4 Nf6 6. Bg5 e6 7. Qd2 a6 8. 0-0-0 Bd7 9. Kb1 b5 10. f3 Rc8 11. Nxc6 Bxc6 12. Bd3 Be7 13. h4 h6 14. Be3 h5 15. Bg5 Bb7 16. Rhe1 Qa5 17. e5 dxe5 18. Bxf6 gxf6 19. Bxb5+ Kf8 20. Bd7 Rc7 21. Ne4 Bb4 22. c3 Bd5 23. a4 Be7 24. b4 Rb7 25. Bb5 Qb6 26. Bd3 Qc6 27. b5 axb5 28. Bxb5 Kg7 29. Kc2 Qc7 30. g4 hxg4 31. fxg4 Rd8 32. Qd3 Rxb5 33. axb5 Qc4 34. Rb1 Qa4+ 35. Kc1 Ba3+ 36. Rb2 Bxb2+ 37. Kxb2 Qa2+ 38. Kc1 Qa3+ 39. Kd1 Bxe4 0-1

[Event "New Delhi Parsvnath op 4th"]
[Site "New Delhi"]
[Date "2006.01.16"]
[Round "3"]
[White "Sandeep, Chitkara"]
[Black "Swati, Ghate"]
[Result "1-0"]
[WhiteElo "2120"]
[BlackElo "2244"]
[PlyCount "61"]
[EventDate "2006.01.15"]
[EventType "swiss"]
[EventRounds "10"]
[EventCountry "IND"]
[SourceTitle "CBM 110 Extra"]
[Source "ChessBase"]
[SourceDate "2006.03.10"]
[SourceVersion "2"]
[SourceVersionDate "2006.03.10"]
[SourceQuality "1"]

1. e4 e5 2. Nf3 Nc6 3. Nc3 Nf6 4. Bc4 Bc5 5. d3 a6 6. 0-0 h6 7. Be3 d6 8. Ne2 0-0 9. Ng3 Ng4 10. Qd2 Nd4 11. Bxd4 exd4 12. Qf4 g5 13. Qd2 Be6 14. Bb3 Bb6 15. h3 Nf6 16. Nh2 Kh7 17. f4 Rg8 18. fxg5 Rxg5 19. Rf3 Nd7 20. Bxe6 fxe6 21. Ng4 Rxg4 22. hxg4 Ne5 23. Rf4 Qg5 24. Raf1 Rg8 25. Nh5 Kh8 26. Qf2 Nxg4 27. Rxg4 Qxg4 28. Nf6 Qg3 29. Nxg8 Qxf2+ 30. Rxf2 Kxg8 31. Rf6 1-0